| 000 | 00517nam a22001697a 4500 | ||
|---|---|---|---|
| 999 |
_c40659 _d40659 |
||
| 003 | OSt | ||
| 005 | 20200606120101.0 | ||
| 008 | 191026b ||||| |||| 00| 0 eng d | ||
| 020 | _a8188880108 | ||
| 040 | _cMESKC library | ||
| 082 |
_a891.433 _bDHO/D |
||
| 100 |
_aDhoomketu,Sacchidanand _9104 |
||
| 245 |
_aDhoomketu Ki Pratinidhi Kahaniyan/ _cSacchidanand Dhoomketu |
||
| 260 |
_aNew Delhi: _bAkshath Prakashan, _c2010 |
||
| 300 | _a200p | ||
| 942 |
_2ddc _cBK _h891.433 _iDHO/D _k891.433 _mDHO/D |
||